000 00600nam a2200229 i 4500
001 C2-0098291
003 PPAK
005 20180727094422.0
008 970526s1979 enka|||| ||||| | eng d
020 _a0719536456
040 _aPPAK
_beng
_cPPAK
_erda
082 0 4 _a300.956
_223
090 0 0 _a300.956
_bIZZ
_dG
100 1 _aIzzard, Molly,
_eauthor
245 1 4 _aThe gulf
264 1 _aLondon :
_bJohn Murray ,
_c1979
300 _axii, 314 pages :
_billustrations ;
_c22 cm
336 _2rdacontent
_atext
337 _2rdamedia
_aunmediated
338 _2rdacarrier
_avolume
942 _ddc
_cB
999 _c21788
_d21788